header

Accounting for growth in Latin America and the Caribbean (Record no. 215445)

MARC details
000 -LEADER
fixed length control field 01863nam a2200445 a 4500
082 04 - DEWEY DECIMAL CLASSIFICATION NUMBER
Classification number 657.098
100 1# - MAIN ENTRY--AUTHOR NAME
Personal name Fortin, Henri,
245 10 - TITLE STATEMENT
Title Accounting for growth in Latin America and the Caribbean
260 ## - PUBLICATION, DISTRIBUTION, ETC. (IMPRINT)
Place of publication Washington, D.C. :
Name of publisher World Bank,
Year of publication c2010.
300 ## - PHYSICAL DESCRIPTION
Number of Pages xxix, 164 p. :
Other physical details ill., maps.
490 1# - SERIES STATEMENT
Series statement Directions in development. Finance
650 #0 - SUBJECT ADDED ENTRY--TOPICAL TERM
Topical Term Accounting
Topical Term Accounting
Topical Term Corporations
Topical Term Corporations
Topical Term Economic development
Topical Term Economic development
700 1# - ADDED ENTRY--PERSONAL NAME
Personal name Barros, Ana Cristina.
Personal name Cutler, Kit,
856 40 - ELECTRONIC LOCATION AND ACCESS
Uniform Resource Identifier http://site.ebrary.com/lib/rucke/Doc?id=10364108

No items available.

© 2026 Rongo University
Contact us: librarian | system librarian | Rongo university